Đại hội XVII Đảng cộng sản Trung Quốc - Những vấn đề lý luận và thực tiễn

Сохранить в:
Библиографические подробности
Главный автор: Đỗ, Tiến Sâm (Chủ biên)
Формат:
Язык:Vietnamese
Опубликовано: Hà Nội Khoa học xã hội 2008
Предметы:
Метки: Добавить метку
Нет меток, Требуется 1-ая метка записи!
Thư viện lưu trữ: Trung tâm Học liệu Lê Vũ Hùng, Trường Đại học Đồng Tháp
LEADER 00965pam a22002538a 4500
001 00041094
005 20180320080315.0
008 121122s2009 ||||||viesd
020 # # |c 35000 
041 0 # |a vie 
082 1 4 |a 324.251  |b Đ103H 
100 1 # |e Chủ biên  |a Đỗ, Tiến Sâm 
245 0 0 |a Đại hội XVII Đảng cộng sản Trung Quốc - Những vấn đề lý luận và thực tiễn  |c Đỗ Tiến Sâm (Chủ biên ) 
260 # # |a Hà Nội  |b Khoa học xã hội  |c 2008 
300 # # |c 21 cm  |a 228 tr. 
500 # # |a ĐTTS ghi: Viện khoa học xã hội Việt Nam. Viện nghiên cứu Trung Quốc 
653 # # |a Lý luận 
653 # # |a Trung Quốc 
653 # # |a thực tiễn 
653 # # |a Đại hội 
653 # # |a Đảng Cộng sản 
852 # # |j KD.0023048 
910 |d 20/03/2018 
980 # # |a Trung tâm Học liệu Lê Vũ Hùng, Trường Đại học Đồng Tháp